书目信息 |
| 题名: |
中国古典文学研究论文索引:1966.7-1979.12
|
|
| 作者: | 中国社会科学院文学研究所图书资料室 编 | |
| 分册: | ||
| 出版信息: | 北京 中华书局出版 1982.5 |
|
| 页数: | 548 | |
| 开本: | 大32 | |
| 丛书名: | ||
| 单 册: | ||
| 中图分类: | Z89:I206.2 | |
| 科图分类: | ||
| 主题词: | ||
| 电子资源: | ||
| ISBN: | ||
| 000 | 00627nam0 2200181 45 | |
| 001 | 0181015765 | |
| 005 | 20060622160123.23 | |
| 010 | @dCNY1.95 | |
| 100 | @a20810111d km y0chiy0120 ea | |
| 101 | 0 | @achi |
| 105 | @a z 000yy | |
| 200 | 1 | @Azhong guo gu dian wen xue yan jiu lun wen suo yin@Fzhong guo she hui ke xue yuan@a中国古典文学研究论文索引:1966.7-1979.12@f中国社会科学院文学研究所图书资料室编 |
| 210 | @a北京@c中华书局出版@d1982.5 | |
| 215 | @a548@c无图表@d大32 | |
| 690 | @aZ89:I206.2 | |
| 701 | 0 | @a中国社会科学院文学研究所图书资料室@4编 |
| 801 | @aCN@bTSTC@c20060622 | |
| 905 | @dZ89:I206.2@e55(66-79)@f3@b77704-06 | |
| 中国古典文学研究论文索引:1966.7-1979.12/中国社会科学院文学研究所图书资料室编.-北京:中华书局出版,1982.5 |
| 548:无图表;大32 |
| ISBN :CNY1.95 |
| ● |
| 相关链接 |
|
|
|
|
正题名:中国古典文学研究论文索引:1966.7-1979.12
索取号:Z89:I206.2/55(66-79)
 
预约/预借
| 序号 | 登录号 | 条形码 | 馆藏地/架位号 | 状态 | 备注 |
| 1 | 0077705 | 001558754 | 第三借阅区/ [索取号:Z89:I206.2/55(66-79)] | 在馆 |